Géopolitique du Printemps arabe / (Record no. 126037)
[ view plain ]
| 000 -LEADER | |
|---|---|
| campo de control de longitud fija | 01426nam a22002417a 4500 |
| 003 - IDENTIFICADOR DE NÚMERO DE CONTROL | |
| campo de control | BJBSDDR |
| 005 - FECHA Y HORA DE LA ÚLTIMA TRANSACCIÓN | |
| campo de control | 20251203114508.0 |
| 007 - CAMPO FIJO DE DESCRIPCIÓN FÍSICA--INFORMACIÓN GENERAL | |
| campo de control de longitud fija | ta |
| 008 - DATOS DE LONGITUD FIJA--INFORMACIÓN GENERAL | |
| campo de control de longitud fija | 251203s2017 fr ||||| |||| 00| 0 fre d |
| 020 ## - NÚMERO INTERNACIONAL ESTÁNDAR DEL LIBRO | |
| Número Internacional Estándar del Libro | 9782130796107 |
| 020 ## - NÚMERO INTERNACIONAL ESTÁNDAR DEL LIBRO | |
| Número Internacional Estándar del Libro | 2130796109 |
| 040 ## - FUENTE DE CATALOGACIÓN | |
| Lengua de catalogación | spa |
| Centro/agencia transcriptor | BJBSDDR |
| 041 ## - CÓDIGO DE IDIOMA | |
| Código de lengua del texto/banda sonora o título independiente | fre |
| 050 ## - SIGNATURA TOPOGRÁFICA DE LA BIBLIOTECA DEL CONGRESO | |
| Número de ítem | E56g 2017 |
| 100 1# - ENTRADA PRINCIPAL--NOMBRE DE PERSONA | |
| Nombre de persona | Encel, Frédéric, |
| Fechas asociadas al nombre | 1969- |
| 9 (RLIN) | 27213 |
| 245 10 - MENCIÓN DEL TÍTULO | |
| Título | Géopolitique du Printemps arabe / |
| Mención de responsabilidad, etc. | Frédéric Encel, Yves Lacoste |
| 260 ## - PUBLICACIÓN, DISTRIBUCIÓN, ETC. | |
| Lugar de publicación, distribución, etc. | Paris : |
| Nombre del editor, distribuidor, etc. | P.U.F., |
| Fecha de publicación, distribución, etc. | 2020 |
| 300 ## - DESCRIPCIÓN FÍSICA | |
| Extensión | 286 pages ; |
| Otras características físicas | 19 cm |
| 520 ## - RESUMEN, ETC. | |
| Sumario, etc. | La patrie est en danger. Non pas comme en 1793 à cause d'une guerre aux frontières ou d'une région en rébellion, mais sous les assauts conjugués d'une idéologie mortifère - l'islamisme radical - et de la complaisance d'intellectuels vis-à-vis de ce fléau anti-laïc et antirépublicain. De quel poids pèse la question postcoloniale, algérienne en particulier? Comment comprendre la relation des Français à leur nation? Pourquoi sommes-nous haïs et frappés par l'islamisme radical? Qu'est-ce que l'islamo-gauchisme? Qu'en est-il de notre grand récit national? Quelles solutions pour l'emporter? Plus que jamais notre nation - forte de la République démocratique qui l'encadre et la conduit - demeure un précieux legs et un puissant rempart face aux menaces d'une guerre civile |
| 700 1# - ENTRADA AGREGADA--NOMBRE PERSONAL | |
| Nombre de persona | Lacoste, Yves, |
| Fechas asociadas al nombre | 1929- |
| 9 (RLIN) | 5644 |
| 942 ## - ELEMENTOS DE ENTRADA SECUNDARIOS (KOHA) | |
| Fuente del sistema de clasificación o colocación | Clasificación de Library of Congress |
| Suprimir en OPAC | No |
| Tipo de ítem Koha | Libro |
| 946 ## - PROCESAMIENTO DE INFORMACIÓN LOCAL (OCLC) | |
| Iniciales del agente catalogador | cmc |
| Estatus retirado | Estado de pérdida | Fuente del sistema de clasificación o colocación | Estado de daño | No para préstamo | Colección | Biblioteca de origen | Biblioteca actual | Ubicación en estantería | Fecha de adquisición | Signatura topográfica completa | Código de barras | Visto por última vez | Copia número | Tipo de ítem Koha |
|---|---|---|---|---|---|---|---|---|---|---|---|---|---|---|
| Clasificación de Library of Congress | Automatización y Procesos Técnicos | Biblioteca Juan Bosch | Biblioteca Juan Bosch | Automatización y Procesos Técnicos (1er. Piso) | 03/12/2025 | E56g 2017 | 00000196959 | 03/12/2025 | 1 | Libro |
